000 00310nam a22001337a 4500
003 SGT
020 _a81-7391-792-2
082 _a365.65
_bKUT
100 _aKUTTY. A.T. AHRESSIA
245 _aPRINCIPLES OF VOCATIONAL TRAINING
260 _aINDIA
_bKANISHKA PUB.
_c2018
300 _a201
942 _2ddc
_cBK
_02
999 _c21732
_d21732